Modern public finance / (Record no. 357273)
[ view plain ]
| 000 -LEADER | |
|---|---|
| fixed length control field | 00557nam a2200229Ia 4500 |
| 008 - FIXED-LENGTH DATA ELEMENTS--GENERAL INFORMATION | |
| fixed length control field | 180523s9999 xx 000 0 und d |
| 020 ## - INTERNATIONAL STANDARD BOOK NUMBER | |
| International Standard Book Number | 81-85386-99-4 |
| 050 ## - LIBRARY OF CONGRESS CALL NUMBER | |
| Classification number | MAIN HJ 141 |
| 050 ## - LIBRARY OF CONGRESS CALL NUMBER | |
| Item number | .H47 2004 |
| 100 ## - MAIN ENTRY--PERSONAL NAME | |
| Personal name | Herber, Bernard P. |
| 245 #0 - TITLE STATEMENT | |
| Title | Modern public finance / |
| 245 #0 - TITLE STATEMENT | |
| Statement of responsibility, etc | Bernard P. Herber. |
| 250 ## - EDITION STATEMENT | |
| Edition statement | 5th Edition |
| 260 ## - PUBLICATION, DISTRIBUTION, ETC. (IMPRINT) | |
| Place of publication, distribution, etc | New Delhi : |
| 260 ## - PUBLICATION, DISTRIBUTION, ETC. (IMPRINT) | |
| Name of publisher, distributor, etc | A.I.T.B.S., |
| 260 ## - PUBLICATION, DISTRIBUTION, ETC. (IMPRINT) | |
| Date of publication, distribution, etc | 2004 |
| 300 ## - PHYSICAL DESCRIPTION | |
| Extent | 467 pages : |
| 300 ## - PHYSICAL DESCRIPTION | |
| Other physical details | illustrations ; |
| 300 ## - PHYSICAL DESCRIPTION | |
| Dimensions | 21 cm. |
| 500 ## - GENERAL NOTE | |
| General note | Includes index. |
| 650 ## - SUBJECT ADDED ENTRY--TOPICAL TERM | |
| Topical term or geographic name as entry element | Finance, Public. |
| Withdrawn status | Lost status | Damaged status | Home library | Current library | Shelving location | Date acquired | Cost, normal purchase price | Total Checkouts | Full call number | Barcode | Date last seen | Price effective from | Koha item type |
|---|---|---|---|---|---|---|---|---|---|---|---|---|---|
| South Mansfield College | South Mansfield College | 09/13/2005 | 254.00 | MAIN HJ 141 .H47 2004 | SMC02785 | 05/23/2018 | 05/23/2018 |